| 000 | 00616nam a2200241Ia 4500 | ||
|---|---|---|---|
| 008 | 180523s9999 xx 000 0 und d | ||
| 020 | _a0-07-253865-1 | ||
| 050 | _aMAIN HD 31 | ||
| 050 | _b.B38 2004 c.1 | ||
| 100 | _aBateman, Thomas S. | ||
| 245 | 0 | _aManagement : | |
| 245 | 4 | _bthe new competitive landscape / | |
| 245 | 0 | _cThomas S. Bateman, Scott A. Snell. | |
| 250 | _a6th Edition | ||
| 260 | _aNew York : | ||
| 260 | _bMcGraw-Hill, | ||
| 260 | _c2004 | ||
| 300 | _a585 pages : | ||
| 300 | _bcolored illustrations ; | ||
| 300 | _c28 cm. | ||
| 500 | _aIncludes index. | ||
| 650 | _aManagement. | ||
| 999 |
_c356841 _d356841 |
||